| 000 | 01971cam a2200361 i 4500 | ||
|---|---|---|---|
| 003 | SA-RiAUC | ||
| 005 | 20260113115149.0 | ||
| 008 | 260112s1999 le g b 000 0 ara c | ||
| 020 | _a2745129295 | ||
| 020 | _a9782745129291 | ||
| 024 | 0 | _a33000000002199 | |
| 024 | 0 | _a77000000006366 | |
| 024 | 0 | _a00000001051900 | |
| 040 |
_aSA-JeALM _bara _cSA-RiAUC _dAE-DuMBRL _erda |
||
| 050 | 4 | _b.H37 1999 | |
| 082 | 0 | 4 |
_a251.4 _qSA-RiAUC |
| 090 |
_a251.4 _bح س ن |
||
| 100 | 1 |
_aحسن، الحسيني بن عمر عبد الرحيم _eمؤلف. |
|
| 245 | 1 | 2 |
_aالمداخل الأصولية للاستنباط من السنة النبوية / _cتأليف أبي عمرو الحسيني بن عمر عبد الرحيم بن حسن. |
| 250 | _aالطبعة الأولى. | ||
| 264 | 1 |
_aبيروت : _bدار الكتب العلمية، _c1999. |
|
| 300 |
_a207 صفحة _c24 سم. |
||
| 336 |
_aنص _btxt _2rdacontent _3كتاب |
||
| 337 |
_aبدون وسيط _bn _2rdamedia |
||
| 490 | 1 | _aمنشورات محمد علي بيضون | |
| 504 | _aببليوجرافية : صفحة 195-196. | ||
| 505 | 0 | _aالمحتويات : مقدمة المؤلف-المدخل الأول في : معاني بعض مصطلحات أصولية وحديثية-المدخل الثاني في : علاقة المجتهد والمقر والعامي باستنباط الأحكام-المدخل الثالث في : الحكم الشرعي-المدخل الرابع في : المحكوم فيه-المدخل الخامس في : المحكوم عليه-المدخل السادس في : الحاكم-المدخل السابع في : كيفية استخراج الحديث من مصادره لمقارنة المتون ... وموضوعات أخرى. | |
| 650 | 7 |
_aالاستنباط (أصول فقه) _2aucsh |
|
| 650 | 7 |
_aالسنة _2aucsh |
|
| 650 | 7 |
_aأصول الفقه الإسلامي _2aucsh |
|
| 942 |
_2ddc _cBOOK _n0 |
||
| 949 |
_aSA-JeALM _d260112 _uosman123 _n1 |
||
| 999 |
_c14013 _d14013 |
||